000 00505nam a22002057a 4500
003 Nust
005 20211215153329.0
008 170131b xxu||||| |||| 00| 0 eng d
020 _a 81-219-2846X
038 _akhadija
040 _cc
082 _a670.42
_bSHA
100 _aSharma, P.C.
_986673
245 _aA Textbook of Manufacturing Technology-II /
_cP.C. Sharma
260 _aNew Delhi :
_bS Chand,
_c2009.
300 _a313 p. ;
500 _aPaperback.
563 _aPB
942 _cBK
_2ddc
999 _c32177
_d32177